Ends in "-og" - Statistics

General Stats
  • This quiz has been taken 64 times
  • The average score is 17 of 21
Answer Stats
Hint Answer % Correct
"Man's Best Friend" Dog
100%
Common amphibian, often found in ponds and swamps Frog
98%
Air pollution nuisance common in many cities Smog
98%
To run at a slow, steady pace Jog
97%
Part of a tree used in building rustic cabins or rafts. Also a sea captain's record book Log
97%
Online journal or diary Blog
93%
Wet, spongy ground, where common amphibians are sometimes found Bog
93%
A shoe with a wooden sole, or a common drainpipe nuisance Clog
93%
It's basically a cloud sitting on the ground Fog
93%
A large pig, on any continent, or a glutton, or certain kinds of motorcycles Hog
84%
A geared wheel in machinery, or a key person in an organization Cog
83%
Similar to above, only with videos Vlog
81%
Traditional Yuletide beverage, often spiked with rum Nog
79%
Traditional sailor's beverage, always spiked with rum Grog
74%
To "make out" in the UK Snog
72%
"Whip it! Whip it good!" Flog
69%
To plod heavily, as through mud or deep snow, or an arduous task Slog
69%
A wild African pig, like Pumbaa from "The Lion King," or an A-10 ground attack plane Warthog
64%
Colorful cardboard disc used in a popular 1990s children's game (a.k.a. "Milk Caps") Pog
53%
An article of clothing, often of high quality or fancy Tog
53%
A state of excited anticipation Agog
41%
No matching quizzes found
Score Distribution
Percent of People with Each Score
Percentile by Number Answered
Your Score History
You have not taken this quiz